01567nam a2200361 a 4500001001000000003000500010005001700015008004100032010001100073011001100084040000900095090001000104100004100114245015600155260004100311500006000352502009300412590004100505590004100546590003900587590003900626650002100665650004400686650004400730650004300774856007000817901000700887942001000894942000600904999001900910952014000929952013601069000108838CHAP20220329144026.0140314s2013 mx a |sm |||||||spa|d a105300 a106272 cCHAP aTesis1 aMoedano Mariano, Magda Karina97644510aIncidencia de Fusarium spp. En trigo (Triticum aestivum L.) procedente de los Valles Altos de Méxicoh[En línea]cpor Magda Karina Moedano Mariano. aChapingo, Méx. :bEl autor,c2013. aPara ver el contenido del material haga clic en la liga aTesis (M.C. en Protección Vegetal) -- UACH. Departamento de Parasitología Agrícola aBATCH-UPDb05c20140324lUCH01h1536 aBATCH-UPDb05c20141002lUCH01h0858 aE792CSJb05c20140314lUCH01h1059 aE792CSJb05c20140314lUCH01h105914aFusarium.94408214aPudrición de la raízxTrigo.99285814aTrigoxEnfermedades por hongos.911501814aTrigoxValles altoszMéxico.9115117 aFinding aiduhttp://10.13.5.2/tesis/sist108838.pdfzTeclea aquí aBK cTESIS n0 c105300d105300 00102local4053708TESISaBCbBCcPA_TESISd2014-03-14fTESISl0oTesisp33724002384736r2019-12-31 00:00:00tc.2w2019-12-31yTESIS 00104054718TESISaBCbBCd2014-03-14fTESISl0oTesisp33724002384777r2019-12-31 00:00:00w2019-12-31yTESISzRecien adquirido